Hermitcraft Hermits - Statistics

General Stats
  • This quiz has been taken 38 times
  • The average score is 13 of 27
Answer Stats
Hermit % Correct
Grian
93%
Mumbo Jumbo
80%
GoodTimesWithScar
73%
ZombieCleo
63%
ImpulseSV
60%
Iskall85
57%
JoeHills
57%
XisumaVoid
57%
Docm77
53%
Rendog
53%
VintageBeef
53%
BdoubleO100
50%
Keralis
50%
Tango Tek
50%
xBCrafted
50%
FalseSymmetry
47%
StressMonster101
47%
iJevin
43%
TinFoilChef
43%
Welsknight
40%
Cubfan 135
37%
ZedaphPlays
37%
EthosLab
33%
Hypnotizd
30%
Jessassin
13%
PythonGB
10%
Biffa2001
7%
No matching quizzes found
Score Distribution
Percent of People with Each Score
Percentile by Number Answered
Your Score History
You have not taken this quiz